<?xml version="1.0" encoding="UTF-8"?>
<marc:record xmlns:marc="http://www.loc.gov/MARC21/slim">
   <marc:leader>00000nam a2200000 a 4500</marc:leader>
   <marc:datafield ind1="1" ind2=" " tag="100">
      <marc:subfield code="a">Schlichtmann, Silke</marc:subfield>
      <marc:subfield code="4">aut</marc:subfield>
      <marc:subfield code="e">Verfasser/-in</marc:subfield>
   </marc:datafield>
   <marc:datafield ind1=" " ind2=" " tag="653">
      <marc:subfield code="a">Schule</marc:subfield>
   </marc:datafield>
   <marc:datafield ind1=" " ind2=" " tag="653">
      <marc:subfield code="a">Kinderbücher bis 11-Jahre</marc:subfield>
   </marc:datafield>
   <marc:datafield ind1=" " ind2=" " tag="653">
      <marc:subfield code="a">Chaos</marc:subfield>
   </marc:datafield>
   <marc:datafield ind1="0" ind2="0" tag="245">
      <marc:subfield code="a">Mattis und das klebende Klassenzimmer</marc:subfield>
   </marc:datafield>
   <marc:datafield ind1="0" ind2="0" tag="245">
      <marc:subfield code="b">Erstlesebuch ab 7 Jahren</marc:subfield>
   </marc:datafield>
   <marc:datafield ind1=" " ind2="1" tag="264">
      <marc:subfield code="b">Hanser</marc:subfield>
      <marc:subfield code="c">2019</marc:subfield>
   </marc:datafield>
   <marc:datafield ind1="1" ind2=" " tag="490">
      <marc:subfield code="a">Mattis</marc:subfield>
   </marc:datafield>
   <marc:datafield ind1="1" ind2=" " tag="520">
      <marc:subfield code="a">Eine neue Reihe über den erfinderischen Mattis, dem trotz bester Absichten immer wieder Lehrerbriefe über sein angebliches Fehlverhalten ins Haus flattern. Dabei hat Mattis richtig gute Ideen: Zum Beispiel hilft er seinen Mitschülern stillzusitzen, indem er sie mit Sekundenkleber an Tischen und Stühlen festklebt! Blöd ist nur, dass der Lehrer das nicht kapiert und mal wieder einen Brief an seine Eltern schreibt. Mattis muss das zu Hause unbedingt richtigstellen – aber das tut er garantiert auf die originellste Weise! Ein urkomischer Lesespaß für Schulanfänger.</marc:subfield>
   </marc:datafield>
   <marc:datafield ind1=" " ind2=" " tag="020">
      <marc:subfield code="a">9783446262201</marc:subfield>
      <marc:subfield code="9">9783446262201</marc:subfield>
   </marc:datafield>
</marc:record>
